00401 2200157 4500001002100000005001500021035002000036245005800056100001500114300001200129260004600141082000800187084001400195020002200209990001200231INLIS00000000000261520250605023830 a0010-06250002011 aSuper Modul KSN Matematika 2 :bAljabar /cAmak Asofi0 aAmak Asofi a179 hlm aJakarta :bPT. Jakarta Sains Media,c2022 a510 a510 AMA s a978-623-6111-17-8 a0754845